ბათუმის შოთა რუსთაველის სახელმწიფო უნივერსიტეტის ბიბლიოთეკა

Проблема Бернсайда и тождества в группах (ბიბ.ჩანაწერი № 47931)

000 -LEADER
fixed length control field 00658nam a2200217Ia 4500
001 - CONTROL NUMBER
control field 14808
003 - CONTROL NUMBER IDENTIFIER
control field GE_BSU
008 - FIXED-LENGTH DATA ELEMENTS--GENERAL INFORMATION
fixed length control field 181216s||||||||xx |||||||||||||| ||und||
040 ## - CATALOGING SOURCE
Transcribing agency GE_BSU
080 ## - UNIVERSAL DECIMAL CLASSIFICATION NUMBER
Universal Decimal Classification number 513.13
100 ## - MAIN ENTRY--PERSONAL NAME
Personal name Адян,С.И.
245 ## - TITLE STATEMENT
Title Проблема Бернсайда и тождества в группах
245 ## - TITLE STATEMENT
Statement of responsibility, etc. Ред.Ю.Н.Хмелевский. Ф.И. Кизнер
260 ## - PUBLICATION, DISTRIBUTION, ETC.
Place of publication, distribution, etc. Москва
260 ## - PUBLICATION, DISTRIBUTION, ETC.
Name of publisher, distributor, etc. Наука
260 ## - PUBLICATION, DISTRIBUTION, ETC.
Date of publication, distribution, etc. 1975
300 ## - PHYSICAL DESCRIPTION
Extent 335стр.22см.
300 ## - PHYSICAL DESCRIPTION
Accompanying material указатель стр.326-335
653 ## - INDEX TERM--UNCONTROLLED
Uncontrolled term Проблема Бернсайда и тождества в группах
942 ## - ADDED ENTRY ELEMENTS (KOHA)
Koha item type წიგნი
ეგზემპლარები
Withdrawn status Lost status Damaged status Not for loan Date acquired Barcode Date last seen Price effective from Koha item type
        2018-12-17 15198 2018-12-17 2018-12-17 წიგნი
        2018-12-17 16618 2018-12-17 2018-12-17 წიგნი
        2018-12-17 16666 2018-12-17 2018-12-17 წიგნი